Detect saliency in crowds using face features (Record no. 328701)

000 -LEADER
fixed length control field 00490nam a2200145 4500
082 ## - DEWEY DECIMAL CLASSIFICATION NUMBER
Classification number MSCS-4 ALI
100 ## - MAIN ENTRY--PERSONAL NAME
Personal name Waqas Ali
245 ## - TITLE STATEMENT
Title Detect saliency in crowds using face features
260 ## - PUBLICATION, DISTRIBUTION, ETC.
Place of publication, distribution, etc. Islamabad
Name of publisher, distributor, etc. NUST SEECS
Date of publication, distribution, etc. 2016
300 ## - PHYSICAL DESCRIPTION
Accompanying material CD Includes
856 ## - Uniform Resource Identifier
Uniform Resource Identifier <a href="http://10.250.8.41:8080/xmlui/handle/123456789/8257">http://10.250.8.41:8080/xmlui/handle/123456789/8257</a>
942 ## - ADDED ENTRY ELEMENTS (KOHA)
Source of classification or shelving scheme
Koha item type Thesis
Holdings
Withdrawn status Lost status Source of classification or shelving scheme Damaged status Not for loan Collection code Permanent Location Current Location Shelving location Date acquired Source of acquisition Total Checkouts Full call number Barcode Date last seen Price effective from Koha item type Non-public note
            Central Library (CL) Central Library (CL) General Stacks 04/13/2017 NUST SEECS   MSCS-4 ALI SEECSP02001 04/13/2017 04/13/2017 Thesis  
            Central Library (CL) Central Library (CL) Thesis 09/03/2019     005 CL-T-3308 09/03/2019 09/03/2019 Thesis Minute Sheet No. 0929/02/CL/Survey/5 dated 23rd April 2024 E-MIN ID 114741
            Central Library (CL) Central Library (CL) Thesis 11/20/2019     005MSCS-4 ALI CL-T-4103 11/20/2019 11/20/2019 Thesis Minute Sheet No. 0929/02/CL/Survey/5 dated 23rd April 2024 E-MIN ID 114741
© 2023 Central Library, National University of Sciences and Technology. All Rights Reserved.